Inventando la empresa del siglo XXI

Saved in:
Bibliographic Details
Main Author: Flores, Carlos F (Author)
Format: Book
Language:Spanish
Published: Santiago Hachette 1989
Subjects:
Tags: Add Tag
No Tags, Be the first to tag this record!

MARC

LEADER 00000nam a2200000 a 4500
001 UCX0245
003 CL-VaPUC
008 890831e19890000CL |||||||||||||||||spa|d
082 0 4 |a 658.403  |b FLO  |2 21 
100 0 |a Flores, Carlos F  |e author  |9 315629 
245 1 0 |a Inventando la empresa del siglo XXI 
300 |a 99 p 
942 |c BK 
945 |d 19890831 00:00:00 
260 |a Santiago  |b Hachette  |c 1989 
650 0 |a Administración  |9 259325 
650 7 |a COMUNICACION EN ADMINISTRACION  |2 CL-VaPUC  |9 308496 
583 |a last modification  |c 19890831 00:00:00  |k Rodrigo Vera 
999 |c 221908  |d 221906 
952 |0 0  |1 0  |4 0  |6 658_403000000000000_FLO_1989  |7 0  |8 R  |9 215951  |a BIBENE  |b BIBENE  |d 2019-11-15  |i 2845202  |o 658.403 FLO 1989  |p 2845202  |r 2025-01-15  |w 2019-11-15  |y BK_R  |k ICO